| 000 | 00430nam a22001577a 4500 | ||
|---|---|---|---|
| 022 | _a0-06-463480-9 | ||
| 082 |
_a371.1 _bSMI _cL-29 p-153 |
||
| 100 |
_aSamuel, Smith _938261 |
||
| 245 | _aIdeas of the Great Educators | ||
| 260 |
_aUnited Stattes _bLibrary of Congress _c1979 |
||
| 300 | _aviii, 200.p: | ||
| 526 |
_a0 _b0 _c0 _d371_100000000000000_SMI |
||
| 650 |
_aMCE _9379 |
||
| 700 |
_aSmith, Samuel _938262 |
||
| 942 |
_2ddc _cBK |
||
| 999 |
_c542903 _d542903 |
||